Statistics for Rolling in the Deep Lyrics

Click here to take the quiz!

General Stats

  • This quiz has been taken 2,826 times
  • The average score is 18 of 30

Answer Stats

Lyric % Correct
It's bringing me out the {dark}
94%
Finally I can see you {crystal} {clear}
90%
There's a fire {starting} {in} {my} {heart}
89%
{Rolling} {in} {the} {deep}
81%
Don't {underestimate} the things that I will do
81%
{Remind} me of us
80%
Reaching a {fever} {pitch},
80%
They keep me {thinking}
80%
You had my heart inside of your {hand}
78%
To the {beat}
77%
They leave me {breathless}
75%
That we {almost} had it all
75%
And you {played} it
74%
I can't help {feeling}...
73%
See how I leave with {every} {piece} {of} {you}
73%
The {scars} of your love
71%
{We} {could} {have} {had} {it} {all}
70%
Baby, I have no {story} {to} {be} {told}
59%
Go 'head and {sell} {me} {out}
55%
And I'm gonna make your {head} {burn}
45%
Think of me in the {depths} {of} {your} {despair}
45%
Through every {open} {door}
42%
Make a {home} down there
37%
Throw your {soul}
36%
As mine sure won't be {shared}
30%
Turn my sorrow into {treasured} {gold}
29%
{Count} {your} {blessings} to find what you look for
23%
But I've heard {one} {on} {you}
20%
You'll {pay} {me} {back} in kind
16%
And {reap} {just} {what} {you} {sow}
15%

Score Distribution

Percentile by Number Answered

Percent of People with Each Score

Your Score History

You have not taken this quiz